[Event "Open Est 2016-2017"]
[Site "Aubagne"]
[Date "2017.01.21"]
[Round "5.24"]
[White "Coppel, Victor"]
[Black "Denis, Alexandra"]
[Result "0-1"]
[WhiteElo "1150"]
[BlackElo "1307"]
[PlyCount "88"]
[EventDate "2016.??.??"]
[WhiteTeam "L'Echiquier du Roy René"]
[BlackTeam "Marseille Passion Echecs"]

1. e4 c5 2. Nc3 Nc6 3. f4 g6 4. Nf3 Bg7 5. Bc4 e6 6. O-O Nge7 7. d3 d5 8. Bb3
O-O 9. Qe1 b6 10. f5 dxe4 11. Qxe4 exf5 12. Qh4 Bb7 13. Bh6 Qd7 14. Ng5 Qd4+
15. Qxd4 Nxd4 16. Bxg7 Kxg7 17. Rfe1 Nxb3 18. axb3 Nc6 19. Ra4 Rfe8 20. Rf1 Nb4
21. Nb5 Re7 22. Nd6 f6 23. Nh3 Bc6 24. Ra3 Nxc2 25. Ra2 Nb4 26. Raa1 Rd8 27.
Nc4 Rxd3 28. Rfe1 Rdd7 29. Rad1 Rxd1 30. Rxd1 Re2 31. Nf2 Nd5 32. Nd6 Ne3 33.
Ra1 Kh6 34. Nf7+ Kh5 35. h3 Bxg2 36. Rc1 Bd5 37. Ra1 Bxf7 38. Rxa7 Bg8 39. Ra8
Bd5 40. Re8 Kh6 41. Nd1 Re1+ 42. Kf2 Rxd1 43. Kxe3 Re1+ 44. Kd3 Rxe8 0-1

[Event "Open Est 2016-2017"]
[Site "Aubagne"]
[Date "2017.01.21"]
[Round "5.25"]
[White "Rando, Mathias"]
[Black "Frontera, Pierre"]
[Result "1-0"]
[WhiteElo "1190"]
[BlackElo "1305"]
[PlyCount "61"]
[EventDate "2016.??.??"]
[WhiteTeam "Club Provence Echecs"]
[BlackTeam "Cercle d'Echecs Aubagnais"]

1. e4 Nc6 2. Nf3 e5 3. Nc3 d6 4. d3 Nf6 5. Be3 Be7 6. Qd2 h6 7. O-O-O Be6 8. d4
Ng4 9. d5 Nxe3 10. fxe3 Bd7 11. dxc6 bxc6 12. Qf2 O-O 13. Bc4 Qe8 14. h4 Be6
15. Ba6 Rb8 16. b3 Rb6 17. Qf1 f6 18. Bc4 Bxc4 19. Qxc4+ Rf7 20. g4 Kf8 21.
Rdg1 Qd7 22. g5 fxg5 23. Nxg5 Bxg5 24. hxg5 Ke7 25. Rf1 Rf8 26. g6 Ke8 27. Rh5
d5 28. exd5 cxd5 29. Nxd5 Rxg6 30. Rxe5+ Re6 31. Rxe6+ 1-0

[Event "Open Est 2016-2017"]
[Site "Aubagne"]
[Date "2017.01.21"]
[Round "5.27"]
[White "Rocchia, Alex"]
[Black "Fortoul, Alain"]
[Result "1-0"]
[WhiteElo "1289"]
[BlackElo "1220"]
[PlyCount "113"]
[EventDate "2016.??.??"]
[WhiteTeam "Cercle d'Echecs Aubagnais"]
[BlackTeam "Club d'Echecs Pennois (CEP)"]

1. e4 e5 2. Nf3 d6 3. h3 Be7 4. Bc4 Nf6 5. Nc3 O-O 6. d3 Nc6 7. a3 a6 8. Bd2
Nb8 9. Ne2 c6 10. Ba2 Nbd7 11. Ng3 d5 12. Qe2 Qb6 13. Rb1 Re8 14. O-O Qc5 15.
Rbc1 Qb6 16. Rb1 Qc5 17. Qd1 b5 18. Bb4 Qa7 19. Qe1 Bxb4 20. Qxb4 Qc5 21. Qd2
h6 22. b4 Qf8 23. Rfe1 dxe4 24. Nxe4 Nxe4 25. Rxe4 Nf6 26. Rxe5 Be6 27. c3 Rad8
28. Re3 Bxa2 29. Qxa2 Rxe3 30. fxe3 Rxd3 31. Re1 Rxc3 32. e4 Qe7 33. e5 Qa7+
34. Kf1 Nd5 35. Re2 Rc1+ 36. Ne1 Ne3+ 37. Kf2 Nd5+ 38. Kg3 Rc3+ 39. Kh2 Qd4 40.
e6 Qf4+ 41. Kg1 fxe6 42. Rxe6 Qd4+ 43. Kh1 Kf8 44. Qe2 Ne3 45. Qf3+ Kg8 46. Qg3
Rc1 47. Rxe3 Qf6 48. Kg1 Qd4 49. Kh2 Rd1 50. Re8+ Kh7 51. Re7 Qf6 52. Re3 Rd5
53. Rf3 Qg6 54. Qf2 Qd6+ 55. Kh1 Rg5 56. Qc2+ Qg6 57. Qf2 1-0

[Event "Open Est 2016-2017"]
[Site "Aubagne"]
[Date "2017.01.21"]
[Round "5.28"]
[White "Masson, Wally"]
[Black "Cureau, Dominique"]
[Result "0-1"]
[WhiteElo "1191"]
[BlackElo "1405"]
[PlyCount "64"]
[EventDate "2016.??.??"]
[WhiteTeam "Cercle d'Echecs Aubagnais"]
[BlackTeam "Echiquier Marseillais 1872"]

1. e4 c5 2. Nc3 Nc6 3. d3 Nf6 4. Be3 e6 5. g3 d5 6. exd5 exd5 7. Nb5 Qa5+ 8.
Nc3 d4 9. Bd2 dxc3 10. Bxc3 Qd8 11. Qd2 Qd5 12. f3 Be7 13. Bg2 O-O 14. f4 Qe6+
15. Ne2 Nd4 16. Bxd4 cxd4 17. b3 Ba3 18. Kd1 Qd6 19. c4 Rb8 20. Rb1 Re8 21. b4
Bg4 22. Re1 a5 23. c5 Qd7 24. Kc2 Qa4+ 25. Rb3 Bxb4 26. Qc1 Bxe1 27. Qa3 Qxa3
28. Rxa3 Rxe2+ 29. Kd1 Rxa2+ 30. Kxe1 Rxa3 31. Bf1 Re8+ 32. Kd2 Ra2+ 0-1

[Event "Open Est 2016-2017"]
[Site "Aubagne"]
[Date "2017.01.21"]
[Round "5.29"]
[White "Benezra, Silke"]
[Black "Ralijaona, Emma"]
[Result "1-0"]
[WhiteElo "1353"]
[BlackElo "1160"]
[PlyCount "83"]
[EventDate "2016.??.??"]
[WhiteTeam "L'Echiquier du Roy René"]
[BlackTeam "Marseille Passion Echecs"]

1. g3 e5 2. Bg2 Nf6 3. Nc3 Bc5 4. e3 Nc6 5. Nge2 d6 6. O-O O-O 7. Na4 b6 8.
Nxc5 dxc5 9. b3 Bg4 10. Bxc6 Rb8 11. Bb2 Qd6 12. Bg2 Rbd8 13. d3 b5 14. Qe1 c4
15. dxc4 bxc4 16. b4 Qd2 17. f3 Bf5 18. Qxd2 Rxd2 19. g4 Bxc2 20. Ng3 Bd3 21.
Rf2 Be2 22. Bxe5 Rc2 23. Rxe2 Rxe2 24. Nxe2 Nd5 25. e4 Nxb4 26. Rc1 f6 27. Bxc7
Rc8 28. Bd6 Nxa2 29. Rc2 a5 30. Rxa2 c3 31. Rxa5 c2 32. Ba3 g6 33. f4 Rd8 34.
Rd5 Ra8 35. Bc1 f5 36. exf5 gxf5 37. Rc5 fxg4 38. Bxa8 h6 39. Rc7 h5 40. Ba3 g3
41. Bd5+ Kh8 42. Bb2# 1-0

[Event "Open Est 2016-2017"]
[Site "Aubagne"]
[Date "2017.01.21"]
[Round "5.30"]
[White "Timoner, Genevieve"]
[Black "Guidini, Rene"]
[Result "0-1"]
[WhiteElo "1115"]
[BlackElo "1313"]
[PlyCount "90"]
[EventDate "2016.??.??"]
[WhiteTeam "Club d'Echecs Pennois (CEP)"]
[BlackTeam "Cercle d'Echecs Aubagnais"]

1. c4 Nf6 2. Nc3 g6 3. g3 Bg7 4. Bg2 O-O 5. d3 c6 6. Nf3 d5 7. cxd5 cxd5 8. h3
a6 9. O-O Re8 10. a3 Nc6 11. b4 d4 12. Na4 e5 13. Bg5 Qc7 14. Bxf6 Bxf6 15. Nc5
Bg7 16. Qb3 b6 17. Ne4 Be6 18. Qc2 Rac8 19. Ned2 Qd7 20. Nc4 Bxc4 21. Qxc4 Nb8
22. Qb3 Rc7 23. Rac1 Rec8 24. Qb2 Qe7 25. Nd2 Bh6 26. Bb7 Rxc1 27. Rxc1 Qxb7
28. f3 Be3+ 29. Kg2 Rc7 30. Rc4 b5 31. Rc5 Nd7 32. Rc2 Qc8 33. Rxc7 Qxc7 34.
Nf1 Bc1 35. Qa2 Nf6 36. Nh2 h5 37. g4 Qc3 38. g5 Bxg5 39. Nf1 Bc1 40. Ng3 Qxa3
41. Qxa3 Bxa3 42. Ne4 Nxe4 43. fxe4 Bxb4 44. e3 dxe3 45. Kf3 Bd2 0-1

[Event "Open Est 2016-2017"]
[Site "Aubagne"]
[Date "2017.01.21"]
[Round "5.31"]
[White "Belaid, Myriam"]
[Black "Turpin, Isabelle"]
[Result "0-1"]
[WhiteElo "1040"]
[BlackElo "1189"]
[PlyCount "78"]
[EventDate "2016.??.??"]
[WhiteTeam "Club Provence Echecs"]
[BlackTeam "Cercle d'Echecs Aubagnais"]

1. e4 c5 2. c4 Nc6 3. a3 Nf6 4. Nc3 g6 5. Nf3 e6 6. h3 Bg7 7. d4 Qc7 8. g3 e5
9. d5 Nd4 10. Nxd4 cxd4 11. Nb5 Qb8 12. Bd3 a6 13. Nxd4 exd4 14. Bf4 Qa7 15.
O-O Qb6 16. Qe2 d6 17. e5 Nd7 18. exd6+ Kf8 19. Rfe1 Qd8 20. Bd2 Ne5 21. Bb4
Bxh3 22. Be4 Bg4 23. Qd2 f5 24. Bc2 Nf3+ 25. Kf1 Nxd2+ 26. Kg2 Bf3+ 27. Kh3
Bg4+ 28. Kg2 Nf3 29. Red1 a5 30. Bc5 b6 31. b4 bxc5 32. bxc5 d3 33. Rxd3 Bxa1
34. a4 Ne1+ 35. Kf1 Nxd3 36. Bxd3 Qe8 37. Be2 Qxe2+ 38. Kg2 Bd4 39. c6 Qxf2+
0-1

[Event "Open Est 2016-2017"]
[Site "Aubagne"]
[Date "2017.01.21"]
[Round "5.32"]
[White "Burnel, Marie-France"]
[Black "Catanese, Sauveur"]
[Result "0-1"]
[WhiteElo "1399"]
[BlackElo "1120"]
[PlyCount "79"]
[EventDate "2016.??.??"]
[WhiteTeam "Cercle d'Echecs Aubagnais"]
[BlackTeam "Cercle d'Echecs Aubagnais"]

1. g3 Nc6 2. Bg2 Nf6 3. Nf3 g6 4. d4 d5 5. Nc3 e6 6. Ne5 Nxe5 7. dxe5 Nd7 8.
Bf4 Bg7 9. Qd4 b6 10. b4 O-O 11. O-O f6 12. b5 fxe5 13. Bxe5 Bxe5 14. Qd3 Qf6
15. Nxd5 exd5 16. Bxd5+ Kh8 17. c3 Rb8 18. Rac1 Nc5 19. Qe3 Bh3 20. Bg2 Bxg2
21. Kxg2 Rbe8 22. Qf3 Qxf3+ 23. exf3 Bd6 24. h4 Re6 25. Ra1 Ref6 26. f4 Rf5 27.
Kf3 Kg7 28. Rae1 h5 29. Kg2 R8f7 30. Rh1 Kh6 31. Kh3 Nd3 32. Ref1 Nc1 33. Rxc1
Rxb5 34. Rce1 Rb2 35. Kg2 Rxa2 36. Re6 Ra3 37. c4 Rc3 38. Re8 Rxc4 39. Rh8+ Rh7
40. Rf8 0-1

[Event "Open Est 2016-2017"]
[Site "Aubagne"]
[Date "2017.01.21"]
[Round "5.33"]
[White "Georgesoglou, Bruno"]
[Black "Periale, Francine"]
[Result "1-0"]
[WhiteElo "1399"]
[BlackElo "1106"]
[PlyCount "63"]
[EventDate "2016.??.??"]
[WhiteTeam "Hay Chess"]
[BlackTeam "Cercle d'Echecs Aubagnais"]

1. e4 c5 2. Nc3 e6 3. f4 Nc6 4. Bc4 g6 5. Nf3 Bg7 6. O-O a6 7. a3 d6 8. d3 Nf6
9. Qe1 O-O 10. Qh4 Bd7 11. f5 exf5 12. Bh6 fxe4 13. dxe4 Qe8 14. Bxg7 Kxg7 15.
Nd2 Qe7 16. Rf2 Rae8 17. Raf1 d5 18. exd5 Qe3 19. Qxf6+ Kg8 20. dxc6 Bxc6 21.
Bxf7+ Rxf7 22. Qxf7+ Kh8 23. Nc4 Qd4 24. Kh1 Bb5 25. Nxb5 axb5 26. Nb6 Qd8 27.
Nd7 c4 28. Nf6 Re7 29. Qd5 Qf8 30. h4 Kg7 31. Nh5+ gxh5 32. Rxf8 1-0

[Event "Open Est 2016-2017"]
[Site "Aubagne"]
[Date "2017.01.21"]
[Round "5.34"]
[White "Vidal, Jean-Pierre"]
[Black "Cayrou, Fabien"]
[Result "0-1"]
[WhiteElo "1324"]
[BlackElo "1070"]
[PlyCount "58"]
[EventDate "2016.??.??"]
[WhiteTeam "Club d'Echecs Pennois (CEP)"]
[BlackTeam "Cassis Echecs"]

1. c4 e5 2. e4 Nf6 3. Nc3 Bc5 4. Nge2 Ng4 5. Qc2 Bxf2+ 6. Kd1 Bc5 7. d3 Nf2+ 8.
Kd2 Nxh1 9. Nd5 c6 10. Ndc3 O-O 11. Kd1 Nf2+ 12. Kd2 Ng4 13. Nd1 d5 14. Ng3
dxe4 15. Nxe4 Bb6 16. h3 Nf6 17. Nxf6+ Qxf6 18. Be2 Ba5+ 19. Nc3 b5 20. Kd1
bxc4 21. Ne4 Qh4 22. Qxc4 Qe1+ 23. Kc2 Qxe2+ 24. Kb3 Be6 25. Ka4 Bxc4 26. Kxa5
Qe1+ 27. Ka4 Bxd3 28. Nc5 Bc2+ 29. b3 Qc3 0-1

[Event "Open Est 2016-2017"]
[Site "Aubagne"]
[Date "2017.01.21"]
[Round "5.35"]
[White "Pentcheff, Julie"]
[Black "Pietrac, Christian"]
[Result "0-1"]
[WhiteElo "1090"]
[BlackElo "1245"]
[PlyCount "74"]
[EventDate "2016.??.??"]
[WhiteTeam "Cassis Echecs"]
[BlackTeam "Club d'Echecs de Miramas"]

1. d4 Nf6 2. Bg5 g6 3. e3 Bg7 4. Bc4 h6 5. Bh4 g5 6. Bg3 Ne4 7. Nc3 Nxg3 8.
hxg3 d6 9. Qf3 e6 10. d5 e5 11. Bb5+ Bd7 12. Bxd7+ Qxd7 13. Qd1 Na6 14. Nf3
O-O-O 15. Qe2 Kb8 16. O-O-O Rde8 17. Nb5 f5 18. a4 Nc5 19. a5 a6 20. Nc3 Na4
21. Qd3 Nxc3 22. Qxc3 e4 23. Nd4 Be5 24. f4 gxf4 25. gxf4 Bf6 26. Rh5 Reg8 27.
Rg1 Qf7 28. Qd2 Qxh5 29. Ne6 Qe8 30. Qe2 Qa4 31. Kd2 Qxa5+ 32. Kd1 Qa1+ 33. Kd2
Qxg1 34. Qc4 Rxg2+ 35. Qe2 Rxe2+ 36. Kxe2 Rg8 37. Kd2 Rg2# 0-1

[Event "Open Est 2016-2017"]
[Site "Aubagne"]
[Date "2017.01.21"]
[Round "5.36"]
[White "Naam, Shedy"]
[Black "Soulet, Kylian"]
[Result "0-1"]
[WhiteElo "1150"]
[BlackElo "1208"]
[PlyCount "88"]
[EventDate "2016.??.??"]
[WhiteTeam "Cassis Echecs"]
[BlackTeam "Cassis Echecs"]

1. e4 c6 2. Nc3 d5 3. Nf3 Nf6 4. d3 d4 5. Ne2 c5 6. c3 Nc6 7. Bf4 Qa5 8. g3 Bg4
9. Bg2 Bxf3 10. Bxf3 e5 11. Bg5 Be7 12. O-O O-O 13. Bxf6 Bxf6 14. Bg4 dxc3 15.
Nxc3 Nd4 16. Nd5 Bg5 17. Ne3 Qb4 18. Nf5 Nxf5 19. Bxf5 Qd2 20. Qxd2 Bxd2 21.
Rad1 Ba5 22. Rc1 b6 23. Rc4 g6 24. Bd7 Rfd8 25. Bg4 Rxd3 26. a3 Rd4 27. Rxd4
exd4 28. Rc1 Re8 29. Bf3 d3 30. Rd1 d2 31. Rb1 c4 32. b4 c3 33. Bd1 Rxe4 34.
bxa5 c2 35. Bxc2 Re1+ 36. Rxe1 dxe1=Q+ 37. Kg2 Qxa5 38. f4 Qd2+ 39. Kh3 Qxc2
40. g4 Qd3+ 41. Kh4 h6 42. g5 h5 43. h3 Qf3 44. a4 Qf2# 0-1

[Event "Open Est 2016-2017"]
[Site "Aubagne"]
[Date "2017.01.21"]
[Round "5.37"]
[White "Dektiannikov, Artiom"]
[Black "Veith, Irene"]
[Result "1-0"]
[WhiteElo "1199"]
[BlackElo "1050"]
[PlyCount "93"]
[EventDate "2016.??.??"]
[WhiteTeam "Cassis Echecs"]
[BlackTeam "La Ciotat Echecs (LCE)"]

1. e4 e6 2. d4 d5 3. Nc3 c6 4. Nf3 Nf6 5. e5 Ne4 6. Bd3 Nxc3 7. bxc3 h6 8. O-O
Be7 9. Be3 Nd7 10. g3 Nf8 11. c4 f6 12. cxd5 Qxd5 13. c4 Qd7 14. Nh4 f5 15. Bd2
Bxh4 16. gxh4 Qxd4 17. Bc2 Qxe5 18. f4 Qc5+ 19. Kg2 Qxc4 20. Bb3 Qe4+ 21. Rf3
Ng6 22. Kg3 h5 23. Re3 Qxf4+ 24. Kg2 Nxh4+ 25. Kh1 Qd6 26. Be1 Qxd1 27. Rxd1 g5
28. Rg3 Rg8 29. Rd4 g4 30. Rgd3 Kf7 31. Bxh4 b5 32. Rd6 c5 33. Re3 Bb7+ 34. Kg1
Be4 35. Bxe6+ Kf8 36. Bxg8 Kxg8 37. Rc3 c4 38. Ra3 a5 39. Rc3 Kh7 40. Rc1 Bd3
41. Re1 Be4 42. Kf2 c3 43. Rb6 b4 44. Re6 Rc8 45. Re7+ Kg6 46. Rd1 c2 47. Rd6#
1-0

[Event "Open Est 2016-2017"]
[Site "Aubagne"]
[Date "2017.01.21"]
[Round "5.38"]
[White "Denis, Karine"]
[Black "Delaplace, Mathias"]
[Result "0-1"]
[WhiteElo "1183"]
[BlackElo "1191"]
[PlyCount "85"]
[EventDate "2016.??.??"]
[WhiteTeam "Marseille Passion Echecs"]
[BlackTeam "Marseille Echecs"]

1. d4 Nf6 2. Bf4 g6 3. Nf3 d5 4. e3 Bg7 5. c3 O-O 6. Nbd2 Nc6 7. Bd3 Nh5 8. Bg3
Bg4 9. Qc2 Rc8 10. O-O-O Nb8 11. Rhe1 Nd7 12. e4 e6 13. e5 c5 14. Qa4 a6 15.
Re3 cxd4 16. Qxd4 Bxf3 17. Nxf3 Bh6 18. Bh4 Bxe3+ 19. Qxe3 Qe8 20. g4 Ng7 21.
Bf6 Nxf6 22. exf6 Qd8 23. fxg7 Kxg7 24. Qe5+ Qf6 25. Qxf6+ Kxf6 26. h4 Kg7 27.
h5 Rce8 28. h6+ Kg8 29. Kd2 e5 30. Bc2 e4 31. Nh4 Re6 32. g5 Rb6 33. b4 f6 34.
Rg1 fxg5 35. Rxg5 Rxf2+ 36. Kc1 Rd6 37. Bb3 Kf8 38. Rxd5 Rxd5 39. Bxd5 Rh2 40.
Bxe4 Rxh4 41. Bxb7 g5 42. c4 Rxc4+ 43. Kb2 0-1

[Event "Open Est 2016-2017"]
[Site "Aubagne"]
[Date "2017.01.21"]
[Round "5.39"]
[White "Soulet, Julia"]
[Black "Pegon, Claude"]
[Result "0-1"]
[WhiteElo "1167"]
[BlackElo "1094"]
[PlyCount "98"]
[EventDate "2016.??.??"]
[WhiteTeam "Cassis Echecs"]
[BlackTeam "La Ciotat Echecs (LCE)"]

1. d4 Nf6 2. Bf4 g6 3. e3 Bg7 4. Nf3 c5 5. Bd3 d6 6. Nc3 Bd7 7. O-O Na6 8. dxc5
Nxc5 9. b4 Nxd3 10. Qxd3 Rc8 11. Rad1 O-O 12. e4 Nh5 13. Bd2 a6 14. Rfe1 Qb6
15. Nd5 Qd8 16. Be3 Bb5 17. Qa3 e6 18. Bb6 Qd7 19. Nc7 Rxc7 20. Bxc7 Qxc7 21.
Nd4 Bxd4 22. Rxd4 Rd8 23. Rc1 Nf4 24. c4 Ne2+ 25. Kf1 Nxd4 26. cxb5 Qb6 27.
bxa6 Qb5+ 28. Kg1 Ne2+ 29. Kh1 Nxc1 30. Qxc1 bxa6 31. a3 Qb7 32. f3 Rc8 33. Qd1
d5 34. e5 Qc6 35. Kg1 Qc1 36. Qxc1 Rxc1+ 37. Kf2 Ra1 38. Ke3 Rxa3+ 39. Kd4 Ra4
40. Kc5 Ra2 41. Kb6 d4 42. Kc5 d3 43. Kc4 d2 44. Kb3 Ra1 45. Kb2 d1=Q 46. f4
Rb1+ 47. Kc3 Rc1+ 48. Kb2 Qc2+ 49. Ka3 Ra1# 0-1

[Event "Open Est 2016-2017"]
[Site "Aubagne"]
[Date "2017.01.21"]
[Round "5.40"]
[White "De Laurentis, Pierre"]
[Black "Pignol, Jeanne"]
[Result "0-1"]
[WhiteElo "1399"]
[BlackElo "1399"]
[PlyCount "79"]
[EventDate "2016.??.??"]
[WhiteTeam "Cassis Echecs"]
[BlackTeam "Club d'Echecs Pennois (CEP)"]

1. f4 d6 2. Nf3 Nd7 3. e3 e5 4. Be2 Be7 5. O-O Ngf6 6. b3 e4 7. Ng5 O-O 8. Bb2
h6 9. Nh3 d5 10. Qe1 Ne8 11. Qg3 Bh4 12. Qg4 Ndf6 13. Qxh4 Qd6 14. d3 Bf5 15.
g4 Qe6 16. gxf5 Qxf5 17. Nc3 c6 18. Rf2 Qg6+ 19. Kf1 Nd6 20. Rg2 Nf5 21. Qf2
Qh7 22. dxe4 Rad8 23. exf5 Ne4 24. Qf3 Nd2+ 25. Kf2 Nxf3 26. Bxf3 Qxf5 27. Rag1
g6 28. Rg3 Rfe8 29. e4 Qd7 30. Bg4 Qd6 31. Nd1 Qc5+ 32. Ne3 d4 33. Re1 Rxe4 34.
Bc1 Rde8 35. Rf3 h5 36. Bd7 R8e7 37. Rd1 Kf8 38. Ng5 dxe3+ 39. Bxe3 Qxc2+ 40.
Kg3 0-1

[Event "Open Est 2016-2017"]
[Site "Aubagne"]
[Date "2017.01.21"]
[Round "5.41"]
[White "Feron, Anne-Marie"]
[Black "Denis, Aurele"]
[Result "1-0"]
[WhiteElo "1399"]
[BlackElo "1010"]
[PlyCount "54"]
[EventDate "2016.??.??"]
[WhiteTeam "Club d'Echecs Pennois (CEP)"]
[BlackTeam "Marseille Passion Echecs"]

1. c4 e5 2. Nc3 g6 3. e3 Bg7 4. g3 Nf6 5. Bg2 O-O 6. b3 Nc6 7. a3 d6 8. Nge2
Bf5 9. O-O Qe7 10. Bb2 e4 11. f3 Qe5 12. f4 Qe6 13. Nd4 Nxd4 14. exd4 Bg4 15.
Qc2 e3 16. Rfe1 Bh3 17. dxe3 Bxg2 18. Qxg2 Qg4 19. Ne4 Rae8 20. Nxf6+ Bxf6 21.
h3 Qd7 22. Re2 Qe7 23. Kh2 g5 24. fxg5 Bxg5 25. Rae1 Bxe3 26. Qf3 f6 27. Rxe3
Qg7 1-0

[Event "Open Est 2016-2017"]
[Site "Aubagne"]
[Date "2017.01.21"]
[Round "5.42"]
[White "Garbe, Georges"]
[Black "Hours, Evelyne"]
[Result "1-0"]
[WhiteElo "1176"]
[BlackElo "1399"]
[PlyCount "65"]
[EventDate "2016.??.??"]
[WhiteTeam "Cercle d'Echecs Aubagnais"]
[BlackTeam "Club d'Echecs Pennois (CEP)"]

1. c4 e5 2. Nc3 d6 3. d3 Be7 4. Nf3 Nc6 5. g3 Nf6 6. Bg2 O-O 7. O-O Bf5 8. Be3
Qd7 9. Ne1 Bh3 10. a3 Bxg2 11. Nxg2 Qh3 12. f3 Rae8 13. b4 Nd4 14. Nb5 d5 15.
Nxc7 Rd8 16. Rc1 e4 17. Bxd4 exf3 18. exf3 Rd6 19. Bxa7 d4 20. Nb5 Re6 21. Nxd4
Re3 22. Nxe3 Ra8 23. Qa4 Rd8 24. Nef5 Kf8 25. Rce1 Rxd4 26. Nxd4 g5 27. Qb5 g4
28. f4 h5 29. Qe5 h4 30. Qxe7+ Kg7 31. Nf5+ Kg6 32. Nxh4+ Kh5 33. Qxf7+ 1-0

[Event "Open Est 2016-2017"]
[Site "Aubagne"]
[Date "2017.02.04"]
[Round "6.1"]
[White "Lapusan, Razvan"]
[Black "Pelopidas, Florian"]
[Result "1-0"]
[WhiteElo "1580"]
[BlackElo "1689"]
[PlyCount "53"]
[EventDate "2016.??.??"]
[WhiteTeam "Cercle d'Echecs Aubagnais"]
[BlackTeam "L'Echiquier du Roy René"]

1. e4 e6 2. d4 d5 3. e5 c5 4. c3 Nc6 5. Nf3 f6 6. exf6 Nxf6 7. g3 Be7 8. Bh3
O-O 9. Ng5 e5 10. Be6+ Bxe6 11. Nxe6 Qd7 12. Nxf8 Rxf8 13. dxe5 Nxe5 14. Bf4
Ng6 15. Be3 Ng4 16. Na3 N6e5 17. Bf4 Qf5 18. Qxd5+ Kh8 19. O-O-O Bf6 20. Bxe5
Bxe5 21. b4 Bc7 22. Qxf5 Rxf5 23. Rd7 Bb6 24. Rxb7 Rf8 25. Nc4 Nf6 26. Nxb6
axb6 27. Rxb6 1-0

[Event "Open Est 2016-2017"]
[Site "Aubagne"]
[Date "2017.02.04"]
[Round "6.2"]
[White "Deregnaucourt, Yves"]
[Black "Denis, Vincent"]
[Result "1/2-1/2"]
[WhiteElo "1733"]
[BlackElo "1811"]
[PlyCount "57"]
[EventDate "2016.??.??"]
[WhiteTeam "Cercle d'Echecs Aubagnais"]
[BlackTeam "Marseille Passion Echecs"]

1. e4 c5 2. d4 cxd4 3. c3 Nf6 4. e5 Nd5 5. Nf3 e6 6. Bc4 Nb6 7. Bb3 dxc3 8.
Nxc3 d5 9. O-O Nc6 10. Qe2 Be7 11. Rd1 a6 12. Ne4 Qc7 13. Ng3 Nd7 14. Bf4 Nf8
15. Nh5 Rg8 16. Bg3 Nd7 17. Rac1 h6 18. Qc2 g6 19. Nf4 Qb6 20. Qd2 Bb4 21. Qc2
Be7 22. a3 Nc5 23. Bxd5 exd5 24. Nxd5 Bf5 25. Nxb6 Bxc2 26. Rxc2 Rd8 27. Rxd8+
Bxd8 28. Nd5 Ne4 29. Rc4 1/2-1/2

[Event "Open Est 2016-2017"]
[Site "Aubagne"]
[Date "2017.02.04"]
[Round "6.3"]
[White "Gamblin, Vincent"]
[Black "Gutman, Leni"]
[Result "0-1"]
[WhiteElo "1448"]
[BlackElo "1538"]
[PlyCount "84"]
[EventDate "2016.??.??"]
[WhiteTeam "Cercle d'Echecs Aubagnais"]
[BlackTeam "Club Provence Echecs"]

1. e4 e6 2. d4 d5 3. Nd2 Nf6 4. e5 Nfd7 5. Ngf3 c5 6. c3 Nc6 7. Bd3 Qb6 8. Ng5
cxd4 9. cxd4 Nxd4 10. Ndf3 Nxf3+ 11. Nxf3 Bb4+ 12. Bd2 Bxd2+ 13. Qxd2 Nc5 14.
b3 Nxd3+ 15. Qxd3 Bd7 16. Nd4 Qc7 17. f4 Rc8 18. O-O O-O 19. Kh1 Qc3 20. Qxc3
Rxc3 21. Rac1 Rfc8 22. Rxc3 Rxc3 23. Rd1 Kf8 24. g4 f6 25. exf6 gxf6 26. f5
exf5 27. gxf5 Ke7 28. Re1+ Kd6 29. Ne6 Rf3 30. Nd4 Rf4 31. Nb5+ Bxb5 32. Re6+
Kc5 33. Re7 Bc6 34. Kg2 h5 35. Kg3 Rxf5 36. a3 a6 37. Re3 Re5 38. Rc3+ Kd6 39.
Rf3 Ke6 40. b4 d4 41. Rd3 Re3+ 42. Rxe3+ dxe3 0-1

[Event "Open Est 2016-2017"]
[Site "Aubagne"]
[Date "2017.02.04"]
[Round "6.5"]
[White "Desjardins, Rene"]
[Black "Andonian, Pierre"]
[Result "1-0"]
[WhiteElo "1392"]
[BlackElo "1499"]
[PlyCount "107"]
[EventDate "2016.??.??"]
[WhiteTeam "Club d'Echecs Pennois (CEP)"]
[BlackTeam "Echiquier Marseillais 1872"]

1. c4 d5 2. cxd5 Qxd5 3. Nc3 Qd8 4. g3 e6 5. Bg2 Nf6 6. Nf3 c6 7. O-O Nbd7 8.
d3 b6 9. e4 Bb7 10. Be3 Be7 11. a3 Qc7 12. Bf4 e5 13. Be3 Rd8 14. b4 O-O 15.
Ng5 h6 16. Nf3 Nh7 17. Bh3 Ng5 18. Nxg5 Bxg5 19. Bxg5 hxg5 20. Qh5 Nf6 21. Qe2
g6 22. Rac1 Rd4 23. Nb5 Qd8 24. Nxd4 Qxd4 25. Qe3 g4 26. Qxd4 exd4 27. Bg2 Nd7
28. f3 Ne5 29. fxg4 Nxg4 30. Rf4 Ne5 31. Bf1 Kg7 32. Be2 Ba6 33. Rd1 Bb5 34.
Kg2 a5 35. bxa5 bxa5 36. h4 Ba4 37. Rd2 Rb8 38. h5 Bb3 39. hxg6 fxg6 40. Rh4 a4
41. Rh1 Be6 42. Rc1 Rb3 43. Rc5 Kf6 44. g4 g5 45. Rd1 Bd7 46. Rf1+ Ke6 47. Rf5
Nxd3 48. Bxd3 Rxd3 49. Rxg5 Kd6 50. Ra5 Rxa3 51. Rg6+ Kc7 52. Ra7+ Kd8 53. Rd6
c5 54. Rdxd7+ 1-0

[Event "Open Est 2016-2017"]
[Site "Aubagne"]
[Date "2017.02.04"]
[Round "6.7"]
[White "Borrini, Rodrigue"]
[Black "Corrias, Robert"]
[Result "1-0"]
[WhiteElo "1274"]
[BlackElo "1555"]
[PlyCount "47"]
[EventDate "2016.??.??"]
[WhiteTeam "L'Echiquier du Roy René"]
[BlackTeam "Club d'Echecs Pennois (CEP)"]

1. d4 Nc6 2. Nf3 d5 3. e3 Nf6 4. b3 Bf5 5. Bd3 Bxd3 6. cxd3 e6 7. Bb2 Bd6 8.
O-O O-O 9. a3 a6 10. Nbd2 Rb8 11. e4 Ne8 12. e5 Be7 13. Re1 g6 14. Rc1 Ng7 15.
Nf1 Nf5 16. Ng3 Nxg3 17. fxg3 Re8 18. Rf1 Rf8 19. Rc2 Qd7 20. Bc1 Kh8 21. Bh6
Rg8 22. Ng5 Nd8 23. Rxf7 Nc6 24. Rxh7# 1-0

[Event "Open Est 2016-2017"]
[Site "Aubagne"]
[Date "2017.02.04"]
[Round "6.8"]
[White "Bertrand, Frederic"]
[Black "Cocordano, Claire"]
[Result "1-0"]
[WhiteElo "1542"]
[BlackElo "1434"]
[PlyCount "64"]
[EventDate "2016.??.??"]
[WhiteTeam "Cercle d'Echecs Aubagnais"]
[BlackTeam "Cercle d'Echecs Aubagnais"]

1. e4 d6 2. d4 g6 3. h3 Bg7 4. Nf3 a6 5. a4 Nd7 6. Bc4 Ngf6 7. e5 dxe5 8. dxe5
Ne4 9. Qd5 e6 10. Qxe4 Nc5 11. Qe2 O-O 12. O-O Bd7 13. Nc3 a5 14. Rd1 Qe7 15.
Be3 b6 16. Bxc5 bxc5 17. Bb5 c6 18. Bc4 Rab8 19. b3 Rfd8 20. Ne4 f5 21. exf6
Bxf6 22. Nxf6+ Qxf6 23. Qe5 Qxe5 24. Nxe5 Be8 25. Bxe6+ Kg7 26. Nd7 Bxd7 27.
Rxd7+ Rxd7 28. Bxd7 Rb4 29. Bxc6 Rd4 30. Bb5 Kf6 31. Re1 Rd2 32. Bd3 h6 1-0

[Event "Open Est 2016-2017"]
[Site "Aubagne"]
[Date "2017.02.04"]
[Round "6.9"]
[White "Benezra, Ruthy"]
[Black "Bui, Christopher"]
[Result "0-1"]
[WhiteElo "1526"]
[BlackElo "1349"]
[PlyCount "54"]
[EventDate "2016.??.??"]
[WhiteTeam "L'Echiquier du Roy René"]
[BlackTeam "Cercle d'Echecs Aubagnais"]

1. e4 d5 2. exd5 Qxd5 3. Nc3 Qa5 4. Bc4 Nf6 5. d3 c6 6. Qe2 e6 7. Bd2 Qc7 8. f4
Be7 9. Nf3 O-O 10. h3 a5 11. a4 Bd6 12. Qe3 Na6 13. g4 Nb4 14. O-O-O Nfd5 15.
Nxd5 cxd5 16. Bb3 Bxf4 17. Qxf4 Nxd3+ 18. Kb1 Nxf4 19. Rhf1 Ng6 20. Bc3 Bd7 21.
h4 b5 22. h5 Ne7 23. axb5 Bxb5 24. Rh1 a4 25. Ba2 Be2 26. Rdg1 Bxf3 27. Rh3 Be4
0-1

[Event "Open Est 2016-2017"]
[Site "Aubagne"]
[Date "2017.02.04"]
[Round "6.11"]
[White "Sage, Jean-Claude"]
[Black "Cescon, Angelo"]
[Result "1-0"]
[WhiteElo "1589"]
[BlackElo "1300"]
[PlyCount "65"]
[EventDate "2016.??.??"]
[WhiteTeam "Echiquier Marseillais 1872"]
[BlackTeam "Club d'Echecs Pennois (CEP)"]

1. e4 d6 2. d4 g6 3. Nc3 Bg7 4. Bg5 Nd7 5. Qd2 Ngf6 6. O-O-O O-O 7. f4 c5 8. e5
cxd4 9. Qxd4 Ng4 10. Nd5 Re8 11. Qd2 dxe5 12. h3 Ngf6 13. Nxf6+ Bxf6 14. Bxf6
exf6 15. fxe5 fxe5 16. Bb5 Re7 17. Nf3 Qc7 18. Qh6 Nf6 19. Kb1 Bf5 20. Ba4 Rc8
21. Rc1 Qc5 22. g4 Be4 23. Rhf1 Bxf3 24. Rxf3 Ne4 25. Rd3 b5 26. Bb3 a5 27. Bd5
Nf2 28. Rd2 Rd8 29. Bxf7+ Rxf7 30. Rxd8+ Rf8 31. Rxf8+ Qxf8 32. Qxf8+ Kxf8 33.
Rf1 1-0